|
|
|
|
| LEADER |
02791nam a22004815i 4500 |
| 001 |
978-3-319-33826-2 |
| 003 |
DE-He213 |
| 005 |
20160926145343.0 |
| 007 |
cr nn 008mamaa |
| 008 |
160926s2016 gw | s |||| 0|eng d |
| 020 |
|
|
|a 9783319338262
|9 978-3-319-33826-2
|
| 024 |
7 |
|
|a 10.1007/978-3-319-33826-2
|2 doi
|
| 040 |
|
|
|d GrThAP
|
| 050 |
|
4 |
|a RS380
|
| 050 |
|
4 |
|a RS190-210
|
| 072 |
|
7 |
|a TDCW
|2 bicssc
|
| 072 |
|
7 |
|a MED072000
|2 bisacsh
|
| 082 |
0 |
4 |
|a 615.19
|2 23
|
| 245 |
1 |
0 |
|a Validation of Alternative Methods for Toxicity Testing
|h [electronic resource] /
|c edited by Chantra Eskes, Maurice Whelan.
|
| 264 |
|
1 |
|a Cham :
|b Springer International Publishing :
|b Imprint: Springer,
|c 2016.
|
| 300 |
|
|
|a XX, 407 p. 44 illus., 40 illus. in color.
|b online resource.
|
| 336 |
|
|
|a text
|b txt
|2 rdacontent
|
| 337 |
|
|
|a computer
|b c
|2 rdamedia
|
| 338 |
|
|
|a online resource
|b cr
|2 rdacarrier
|
| 347 |
|
|
|a text file
|b PDF
|2 rda
|
| 490 |
1 |
|
|a Advances in Experimental Medicine and Biology,
|x 0065-2598 ;
|v 856
|
| 505 |
0 |
|
|a Introduction -- Validation in support of internationally harmonised OECD Test Guidelines for assessing the safety of chemicals -- Regulatory acceptance of alternative methods in the development and approval of pharmaceuticals -- Validation of alternative in vitro methods to animal testing: concepts, challenges, processes and tools -- Practical aspects of designing and conducting validation studies involving multi-study trials -- Validation of computational methods -- Implementation of New Test Methods into Practical Testing -- Pathway Based Toxicology and Fit-for-Purpose Assays -- Evidence-based toxicology -- Validation of transcriptomics-based in vitro methods -- Ensuring the quality of stem cell-derived in vitro models for toxicity testing -- Validation of bioreactor and human-on-a-chip devices for chemical safety assessment -- Integrated approaches to testing and assessment -- International harmonization and cooperation in the validation of alternative methods -- Evolving the principles and practice of validation for new alternative approaches to toxicity testing. .
|
| 520 |
|
|
|a .
|
| 650 |
|
0 |
|a Medicine.
|
| 650 |
|
0 |
|a Molecular biology.
|
| 650 |
|
0 |
|a Pharmaceutical technology.
|
| 650 |
1 |
4 |
|a Biomedicine.
|
| 650 |
2 |
4 |
|a Pharmaceutical Sciences/Technology.
|
| 650 |
2 |
4 |
|a Molecular Medicine.
|
| 700 |
1 |
|
|a Eskes, Chantra.
|e editor.
|
| 700 |
1 |
|
|a Whelan, Maurice.
|e editor.
|
| 710 |
2 |
|
|a SpringerLink (Online service)
|
| 773 |
0 |
|
|t Springer eBooks
|
| 776 |
0 |
8 |
|i Printed edition:
|z 9783319338248
|
| 830 |
|
0 |
|a Advances in Experimental Medicine and Biology,
|x 0065-2598 ;
|v 856
|
| 856 |
4 |
0 |
|u http://dx.doi.org/10.1007/978-3-319-33826-2
|z Full Text via HEAL-Link
|
| 912 |
|
|
|a ZDB-2-SBL
|
| 950 |
|
|
|a Biomedical and Life Sciences (Springer-11642)
|